00441nam a2200181Ia 4500008004100000041001200041082001000053082001100063100001600074100001100090245005300101260001300154260002200167260000900189300001500198365002500213650002100238150901s9999 xx 000 0 und d aEnglish a302.2 bETI/RU aEtienne G  eAuthor aRural development in Asia: meeting with peasants aNew york bSage publications c1985 a276 Pages aRs .140.00  aRural conditions